| 000 | 00402pab a2200145 454500 | ||
|---|---|---|---|
| 008 | 180718b1995 xxu||||| |||| 00| 0 eng d | ||
| 100 | _aMackie, Gerry | ||
| 245 | _aFrustration and preference change in international migration | ||
| 260 | _c1995 | ||
| 300 | _ap.185-208 | ||
| 650 | _aMigration, Internal | ||
| 650 | _aPopulation migration | ||
| 773 | _aEuropean Journal of Sociology | ||
| 909 | _a30775 | ||
| 999 |
_c30775 _d30775 |
||